000 00742nam a2200277Ia 4500
001 34490
005 20240114001732.0
007 ta
008 070222s1952 a g b000 u 465 u
040 _aCotton College,Assam
041 _a465
082 _a923.1
_bJ 356 P
100 _aPadover, Saul K..
245 0 _aJefferson: Abridged by the Author /
_cSaul K.Padover.
_hTextual Documents
250 _a1st ed. /
260 _aNew York :
_bThe New American Library ,
_c1952.
300 _a189p. :
_bill ;
_c18cm .
653 _aBiography-Jefferson
653 _aJefferson-Biography
653 _aG-Biography
653 _aAutobiography
942 _2ddc
_cBK
999 _c34472
_d34472